Porovnanie možností automatizácie nastavení uzlových bezpečnostných brán

Salvato in:
Dettagli Bibliografici
Autore principale: Gomola, Marián (Autore)
Altri autori: Pavelka, Martin (Relatore della tesi)
Natura: Manoscritto Libro
Lingua:slovacco
Pubblicazione: 2025
Soggetti:
Accesso online:http://is.stuba.sk/zp/portal_zp.pl?podrobnosti=168921
Tags: Aggiungi Tag
Nessun Tag, puoi essere il primo ad aggiungerne!!

MARC

LEADER 00000ntm a22000003a 4500
001 stuzp102884
003 SK-STU
005 20250614211704.8
007 ta
008 150427s2015----xo-----f-mn---000-0-slo-d
040 |a STU  |b slo 
041 0 |a slo 
100 1 |a Gomola, Marián  |u 070400  |4 aut  |U FIIT Fakulta informatiky a informačných technológií  |T FIIT Ústav počítačového inžinierstva a aplikovanej informatiky  |X 116175  |U I400  |Y 672  |7 116175 
242 0 1 |a A Comparison of Automation Options for Host-Based Firewalls  |y eng 
245 1 0 |a Porovnanie možností automatizácie nastavení uzlových bezpečnostných brán 
260 |c 2025 
650 4 |a windows  |2 eng 
650 4 |a firewall  |2 eng 
650 4 |a nftables  |2 eng 
650 4 |a automation  |2 eng 
650 4 |a windows  |2 slo 
650 4 |a firewall  |2 slo 
650 4 |a nftables  |2 slo 
650 4 |a automatizácia  |2 slo 
700 1 |a Pavelka, Martin  |u 070400  |k Z3  |4 ths  |U FIIT Fakulta informatiky a informačných technológií  |T FIIT Ústav počítačového inžinierstva a aplikovanej informatiky  |X 92118  |U I400  |Y 672  |7 92118 
856 4 |u http://is.stuba.sk/zp/portal_zp.pl?podrobnosti=168921